Statistiche per Nomi inglesi delle città italiane

Clicka qui per fare il quiz!

Statistiche generali

  • Questo quiz è stato fatto 2.198 volte
  • Il punteggio medio è 13 su 15

Statistiche sulle risposte

italianoinglese% Corretto
MilanoMilan
100%
RomaRome
100%
NapoliNaples
96%
TorinoTurin
94%
VeneziaVenice
93%
FirenzeFlorence
91%
BariBari
88%
CataniaCatania
88%
MessinaMessina
88%
PalermoPalermo
88%
VeronaVerona
88%
BolognaBologna
87%
TriesteTrieste
86%
GenovaGenoa
77%
PadovaPadua
65%

Distribuzione punteggi

Percentile per numero di risposta

Percentuale di utenti per punteggio

I tuoi punteggi nel tempo

Non hai fatto questo quiz